|
|
|
|
| LEADER |
00852nam a2200253 i 4500 |
| 001 |
c000137580 |
| 003 |
CARM |
| 005 |
00000000000000.0 |
| 008 |
750923s1974 quc 00010 fre |
| 015 |
|
|
|a C***
|
| 019 |
1 |
|
|a 299332
|5 LACONCORD2021
|
| 020 |
|
|
|a 0885320042
|
| 035 |
|
|
|a (OCoLC)3051584
|5 LACONCORD2021
|
| 050 |
0 |
0 |
|a PQ3919.2.G374
|b P6
|
| 100 |
1 |
|
|a Garneau, Michel.
|
| 245 |
1 |
0 |
|a Politique /
|c Michel Garneau.
|
| 260 |
|
|
|a Montreal :
|b L'Aurore : distribution, La Maison de diffusion-Quebec,
|c c1974.
|
| 300 |
|
|
|a [40] p. ;
|c 19 cm.
|
| 490 |
0 |
|
|a Langage ; 5
|
| 500 |
|
|
|a Cover title.
|
| 852 |
8 |
|
|b CARM
|h A2:AE26G0
|i A00302
|p 0052438
|f BK
|
| 082 |
0 |
4 |
|a 841
|
| 999 |
f |
f |
|i 65fcfc7e-145b-5574-ac15-d93632e29caa
|s 4e577269-9ba5-5693-a5e0-8c2dbae4bf6c
|
| 952 |
f |
f |
|p Can circulate
|a CAVAL
|b CAVAL
|c CAVAL
|d CARM 1 Store
|e A00302
|f A2:AE26G0
|h Other scheme
|i book
|m 0052438
|